000 00817nam a2200265 i 4500
003 DO-SdBNP
005 20260531003124.0
007 ta
008 250729s1985 dr a 000 0 spa d
040 _aDO-SdBNP
_bspa
_cBNPHU
_erda
041 _aspa
082 _aRD861.44
_bM433
_223
100 1 _aMatos Moquete, Manuel,
_d1944-
_96349
_eautor
_4aut.
245 1 0 _aAbismos :
_b1972-1975 /
_cManuel Matos Moquete ; ilustrado por mercader
264 1 _aSanto Domingo :
_bEditora Búho,
_c1985.
300 _a51 páginas :
_bilustraciones ;
_c21 cm
336 _atexto
_btxt
_2rdacontent
337 _asin mediación
_bn
_2rdamedia
338 _avolumen
_bnc
_2rdacarrier
590 _aInventariado, 2025/ YL
650 _aPoesía dominicana
650 _aLiteratura dominicana
910 _aYLockward
942 _2ddc
_cLBS1
999 _c59661
_d59661